| 000 | 00491nam a2200193Ia 4500 | ||
|---|---|---|---|
| 005 | 20250923150127.0 | ||
| 008 | 008 250917s9999 xx 000 0 eng d | ||
| 037 | _aTextual | ||
| 040 |
_aDSWL _beng _cDSWL |
||
| 041 |
_aeng _2eng |
||
| 084 | _qDSWL | ||
| 245 | 4 |
_aThe village in India _cEd. by Vandanamadan |
|
| 260 |
_aNew Delhi _b Oxford University Press India _c2002 |
||
| 300 | _a477p. | ||
| 365 |
_aINR _b650 |
||
| 925 | _g650 | ||
| 942 | _cTEXL | ||
| 999 |
_c1459857 _d1459857 |
||